La quiebra / (Registro nro. 130034)

Detalles MARC
000 -LEADER
campo de control de longitud fija 00518nam a2200193 i 4500
001 - NÚMERO DE CONTROL
campo de control 130034
003 - IDENTIFICADOR DE NÚMERO DE CONTROL
campo de control ES-MaACL
005 - FECHA Y HORA DE LA ÚLTIMA TRANSACCIÓN
campo de control 20230906193628.0
007 - CAMPO FIJO DE DESCRIPCIÓN FÍSICA--INFORMACIÓN GENERAL
campo de control de longitud fija t|
008 - DATOS DE LONGITUD FIJA--INFORMACIÓN GENERAL
campo de control de longitud fija 070716s1947 sp ||||1| spa d
100 1# - ENTRADA PRINCIPAL--NOMBRE DE PERSONA
Nombre de persona Zunzunegui, Juan Antonio de.
9 (RLIN) 118511
245 13 - MENCIÓN DEL TÍTULO
Título La quiebra /
Mención de responsabilidad, etc. Juan Antonio Zunzunegui.
260 ## - PUBLICACIÓN, DISTRIBUCIÓN, ETC.
Lugar de publicación, distribución, etc. Madrid :
Nombre del editor, distribuidor, etc. Mayfe (
Fabricante Bolaños y Aguilar)
300 ## - DESCRIPCIÓN FÍSICA
Extensión 2 v. ;
Dimensiones 18 cm.
490 1# - MENCIÓN DE SERIE
Mención de serie Mayfe
830 0# - PUNTO DE ACCESO ADICIONAL DE SERIE-TÍTULO UNIFORME
Título uniforme Mayfe
9 (RLIN) 219408
852 ## - LOCALIZACIÓN
Ubicación ES-MaACL
Número de control de estantería C-4018-19
Sublocalización o colección R.23798
Existencias
Estatus retirado Estado de pérdida Estado de daño No para préstamo Biblioteca de origen Biblioteca actual Ubicación en estantería Fecha de adquisición Fuente de adquisición Total de préstamos Signatura topográfica completa Código de barras Visto por última vez Precio de reemplazo Tipo de ítem Koha
        Biblioteca del Ateneo de Madrid Biblioteca del Ateneo de Madrid Sala Palomar 17/01/2008     C-4018-19 1135398 23/02/2023 23/02/2023 Libro impreso